MARC details
| 000 -LEADER |
| fixed length control field |
01492 a2200421 4500 |
| 001 - CONTROL NUMBER |
| control field |
63946 |
| 003 - CONTROL NUMBER IDENTIFIER |
| control field |
TR-AnTOB |
| 005 - DATE AND TIME OF LATEST TRANSACTION |
| control field |
20260129085305.0 |
| 008 - FIXED-LENGTH DATA ELEMENTS--GENERAL INFORMATION |
| fixed length control field |
110628s2000 tu b l000 0 d |
| 020 ## - INTERNATIONAL STANDARD BOOK NUMBER |
| International Standard Book Number |
9751614279 |
| 040 ## - CATALOGING SOURCE |
| Original cataloging agency |
TR-AnTOB |
| Transcribing agency |
TR-AnTOB |
| 041 ## - LANGUAGE CODE |
| Language code of text/sound track or separate title |
İngilizce |
| 050 ## - LIBRARY OF CONGRESS CALL NUMBER |
| Classification number |
PL220 |
| Item number |
.T8713 2000 |
| 090 ## - LOCALLY ASSIGNED LC-TYPE CALL NUMBER (OCLC); LOCAL CALL NUMBER (RLIN) |
| Classification number (OCLC) (R) ; Classification number, CALL (RLIN) (NR) |
PL220 .T8713 2000 |
| 100 1# - MAIN ENTRY--PERSONAL NAME |
| Personal name |
Tural, Sadık, |
| Dates associated with a name |
1946- |
| 9 (RLIN) |
34602 |
| 245 #0 - TITLE STATEMENT |
| Title |
Sensibility flowing from history to epic / |
| Statement of responsibility, etc. |
Sadık Turan. |
| 250 ## - EDITION STATEMENT |
| Edition statement |
Rev. and exp. 5th printing. |
| 264 #1 - PRODUCTION, PUBLICATION, DISTRIBUTION, MANUFACTURE, AND COPYRIGHT NOTICE |
| Place of production, publication, distribution, manufacture |
Ankara : |
| Name of producer, publisher, distributor, manufacturer |
ASC, Atatürk Culture Centre, |
| Date of production, publication, distribution, manufacture, or copyright notice |
2000. |
| 300 ## - PHYSICAL DESCRIPTION |
| Extent |
x, 162 p. ; |
| Dimensions |
20 cm. |
| 336 ## - CONTENT TYPE |
| Source |
rdacontent |
| Content type term |
text |
| Content type code |
txt |
| 337 ## - MEDIA TYPE |
| Source |
rdamedia |
| Media type term |
unmediated |
| Media type code |
n |
| 338 ## - CARRIER TYPE |
| Source |
rdacarrier |
| Carrier type term |
volume |
| Carrier type code |
nc |
| 490 0# - SERIES STATEMENT |
| Series statement |
Atatürk Culture Centre Publication ; |
| Volume/sequential designation |
247 |
| Series statement |
Gleaning From Turkish Culture ; |
| Volume/sequential designation |
67 |
| 504 ## - BIBLIOGRAPHY, ETC. NOTE |
| Bibliography, etc. note |
|
| 650 #0 - SUBJECT ADDED ENTRY--TOPICAL TERM |
| Topical term or geographic name entry element |
Folk literature, Turkish |
| General subdivision |
History and criticism |
| 9 (RLIN) |
25239 |
|
| 9 (RLIN) |
36972 |
| Topical term or geographic name entry element |
Epik edebiyat, Oğuz |
| General subdivision |
Tarih ve eleştiri |
|
| Topical term or geographic name entry element |
Halk edebiyatı, Türk |
| General subdivision |
Tarih ve eleştiri |
| 9 (RLIN) |
12263 |
|
| Topical term or geographic name entry element |
Heroes in literature |
| 9 (RLIN) |
36970 |
|
| Topical term or geographic name entry element |
Characters and characteristics in literature |
| 9 (RLIN) |
36971 |
|
| Topical term or geographic name entry element |
Kahramanlar, Edebiyatta |
| Source of heading or term |
etuturkob |
| 9 (RLIN) |
36973 |
|
| Topical term or geographic name entry element |
Karakterler ve özellikleri, Edebiyatta |
| Source of heading or term |
etuturkob |
| 9 (RLIN) |
36974 |
|
| Topical term or geographic name entry element |
Epic literature, Turkic |
| General subdivision |
History and criticism |
| 9 (RLIN) |
36969 |
| 902 ## - LOCAL DATA ELEMENT B, LDB (RLIN) |
| a |
0021415 |
| 903 ## - LOCAL DATA ELEMENT C, LDC (RLIN) |
| a |
Merkez Kütüphane |
| 942 ## - ADDED ENTRY ELEMENTS (KOHA) |
| Koha item type |
Book |
| Source of classification or shelving scheme |
Library of Congress Classification |
| 945 ## - LOCAL PROCESSING INFORMATION (OCLC) |
| a |
GE, BS |